000 00396cam a2200169 4500
001 D12805
008 090401t1951 xxu||||| |||| 00| 0 eng d
035 _a(Sirsi) u5910
041 _aeng
100 _aGeddes, Spence
245 _aBuilding and civil engineering plant
260 _bCrosby Lockwood and Son
_c1951
350 _a0
520 _aShelf 181
942 _n0
948 _c04/03/1997
999 _c86229
_d86229